[Event "4NCL/Div1/BAR2 vs. BET"]
[Site "Birmingham ENG"]
[Date "2006.03.05"]
[Round "8.4"]
[White "Ansell, Simon"]
[Black "Taylor, Peter"]
[Result "1/2-1/2"]
[WhiteElo "2383"]
[BlackElo "2240"]
[PlyCount "106"]
[EventDate "2006.03.05"]
[SourceDate "2005.10.25"]

1. e4 c6 2. d4 d5 3. e5 c5 4. dxc5 e6 5. Be3 Ne7 6. c3 Nf5 7. Bd4 Nxd4 8. cxd4
b6 9. Bb5+ Bd7 10. Bxd7+ Nxd7 11. cxb6 Qxb6 12. Qd2 Rb8 13. b3 Bb4 14. Nc3 Nxe5
15. Nge2 Nc6 16. O-O O-O 17. Rfd1 Rfc8 18. Qe3 Ne7 19. Qd3 Rc6 20. Na4 Qc7 21.
g3 Ba3 22. Rab1 Nf5 23. Nec3 Nd6 24. Kg2 g6 25. Re1 Bb4 26. Re3 Bxc3 27. Nxc3
Rc8 28. Na4 Ne4 29. Rb2 Rc2 30. Re2 Rxb2 31. Rxb2 Qc1 32. f3 Nd6 33. Qd2 Nf5
34. Qxc1 Rxc1 35. Rd2 Rc2 36. Rxc2 Ne3+ 37. Kf2 Nxc2 38. g4 f6 39. Nc5 Kf7 40.
h4 Nxd4 41. g5 Nf5 42. Nd7 Nxh4 43. Nxf6 h6 44. Nd7 hxg5 45. Ne5+ Ke7 46. Nc6+
Kd6 47. Nxa7 Kc5 48. a4 Nf5 49. Nb5 e5 50. Nc7 Nd4 51. b4+ Kxb4 52. Nxd5+ Kxa4
53. Ne7 Kb4 1/2-1/2

[Event "4NCL/Div1/BAR2 vs. BET"]
[Site "Birmingham ENG"]
[Date "2006.03.05"]
[Round "8.5"]
[White "Coleman, David"]
[Black "Eames, Robert G"]
[Result "0-1"]
[WhiteElo "2245"]
[BlackElo "2320"]
[PlyCount "94"]
[EventDate "2006.03.05"]
[SourceDate "2005.10.25"]

1. e4 c5 2. Nf3 d6 3. d4 cxd4 4. Nxd4 Nf6 5. Nc3 a6 6. Bc4 e6 7. O-O b5 8. Bb3
Be7 9. Qf3 Qc7 10. Qg3 Nc6 11. Nf5 exf5 12. Qxg7 Rf8 13. Bg5 Qd8 14. Nd5 Nxd5
15. Bxd5 Bb7 16. Bh6 Qd7 17. Qxh7 O-O-O 18. Bxf8 Rxf8 19. c3 f4 20. f3 Ne5 21.
Rfd1 Bd8 22. Qf5 Bb6+ 23. Kh1 Qxf5 24. exf5 Bxd5 25. Rxd5 Kc7 26. b3 Rh8 27.
Rad1 Rh6 28. R1d2 Be3 29. Re2 Kc6 30. Rd1 Rf6 31. Rf1 Rxf5 32. g4 Rf6 33. h4
Rh6 34. Rh2 Kd5 35. h5 f6 36. Rd1+ Ke6 37. Kg2 d5 38. Rhh1 Rh8 39. Rhf1 Rc8 40.
Rh1 Rxc3 41. Rh3 Rc2+ 42. Kh1 d4 43. h6 Nf7 44. h7 Rc8 45. Kg2 Rh8 46. Rdh1 d3
47. Rh5 Ng5 0-1

[Event "4NCL/Div1/BAR2 vs. BET"]
[Site "Birmingham ENG"]
[Date "2006.03.05"]
[Round "8.6"]
[White "Duncan, Christopher R"]
[Black "Manley, Jon P"]
[Result "1-0"]
[WhiteElo "2332"]
[BlackElo "2188"]
[PlyCount "81"]
[EventDate "2006.03.05"]
[SourceDate "2005.10.25"]

1. e4 e5 2. Nf3 Nc6 3. Bb5 f5 4. d3 fxe4 5. dxe4 Nf6 6. O-O d6 7. Nc3 Be7 8. a3
O-O 9. Bc4+ Kh8 10. Ng5 Qe8 11. Ne6 Bxe6 12. Bxe6 Nh5 13. Be3 Qg6 14. Qg4 Qxg4
15. Bxg4 Nf6 16. Be2 h6 17. Rfd1 Nh7 18. Nd5 Bd8 19. f3 Ne7 20. c4 c6 21. Nc3
Bc7 22. Rd2 Nf6 23. Rad1 g5 24. b4 Kg7 25. Bf1 Rfd8 26. g3 a6 27. Bh3 b5 28.
Be6 bxc4 29. Bxc4 Rdb8 30. Kf2 Rd8 31. Ke2 Rdb8 32. h3 Ng6 33. Rc2 Rd8 34. Na4
Rdb8 35. Bd5 cxd5 36. Rxc7+ Kf8 37. Nb6 d4 38. Nxa8 Ne8 39. Ra7 dxe3 40. Rc1
Ne7 41. Rxa6 1-0

[Event "4NCL/Div1/BAR2 vs. BET"]
[Site "Birmingham ENG"]
[Date "2006.03.05"]
[Round "8.7"]
[White "Bhatia, Kanwal K"]
[Black "Ledger, David J"]
[Result "0-1"]
[WhiteElo "2091"]
[BlackElo "2247"]
[PlyCount "102"]
[EventDate "2006.03.05"]
[SourceDate "2005.10.25"]

1. e4 e5 2. Nf3 Nc6 3. c3 Nf6 4. d4 Nxe4 5. d5 Ne7 6. Nxe5 Ng6 7. Bd3 Nxe5 8.
Bxe4 Bc5 9. Qh5 d6 10. Bg5 Bg4 11. Bxd8 Bxh5 12. Bh4 O-O 13. Nd2 Rae8 14. O-O
f5 15. Bc2 Ng6 16. Bg5 f4 17. g3 fxg3 18. hxg3 Be2 19. Ne4 Bb6 20. a4 a5 21.
Rae1 Bf3 22. Bd2 Re5 23. Ng5 Bxd5 24. Rxe5 Nxe5 25. Bxh7+ Kh8 26. Bc2 Nf3+ 27.
Nxf3 Rxf3 28. b3 Rxg3+ 29. Kh2 Rg2+ 30. Kh3 Rxf2 31. Rxf2 Bxf2 32. c4 Be6+ 33.
Kg2 Bb6 34. Bf4 Bd4 35. Be4 b6 36. Bg5 Bf6 37. Bf4 Kg8 38. Bg6 Kf8 39. Kf2 Ke7
40. Ke3 Kd7 41. Be4 c6 42. Kd3 g5 43. Be3 Kc7 44. Bf2 Be5 45. Bg2 d5 46. Be3 g4
47. Bg5 g3 48. Be3 Bf5+ 49. Kd2 Be4 50. Bxe4 dxe4 51. Bg1 c5 0-1

[Event "4NCL/Div1/BAR2 vs. BET"]
[Site "Birmingham ENG"]
[Date "2006.03.05"]
[Round "8.8"]
[White "Tidman, Sophie"]
[Black "Moore, John C"]
[Result "1-0"]
[WhiteElo "2106"]
[BlackElo "2048"]
[PlyCount "55"]
[EventDate "2006.03.05"]
[SourceDate "2005.10.25"]

1. e4 e5 2. Nf3 Nc6 3. Bc4 Bc5 4. c3 Nf6 5. d3 d6 6. Nbd2 O-O 7. h3 a6 8. Bb3
d5 9. exd5 Nxd5 10. Ne4 Be7 11. O-O Kh8 12. Re1 f6 13. Ng3 Na5 {(=)} 14. Bc2 c5
15. Nh4 f5 16. Nf3 f4 17. Nf1 Nc6 18. Nxe5 Nxe5 19. Rxe5 f3 20. d4 fxg2 21. Ng3
Qd6 22. Qd3 g6 23. Ne4 Qc6 24. dxc5 Be6 25. Qd4 Nf6 26. Ba4 Qc8 27. Bg5 Rd8 28.
Nd6 1-0

[Event "4NCL/Div1/BAR1 vs. AD"]
[Site "Birmingham ENG"]
[Date "2006.03.05"]
[Round "8.1"]
[White "Parker, Jonathan"]
[Black "Chandler, Murray G"]
[Result "1/2-1/2"]
[WhiteElo "2504"]
[BlackElo "2537"]
[PlyCount "53"]
[EventDate "2006.03.05"]
[SourceDate "2005.10.25"]

1. d4 Nf6 2. c4 e6 3. Nf3 b6 4. Nc3 Bb7 5. a3 d5 6. cxd5 Nxd5 7. e3 g6 8. Nxd5
exd5 9. Bd2 Bd6 10. Bb4 Bxb4+ 11. axb4 O-O 12. Be2 Qd6 13. Qa4 a6 14. Ne5 Nc6
15. Nxc6 Bxc6 16. Qb3 Bb5 17. Bxb5 axb5 18. O-O Rfc8 19. Ra3 Rxa3 20. bxa3 c5
21. bxc5 bxc5 22. dxc5 Qxc5 23. g3 Ra8 24. Rb1 d4 25. exd4 Qxd4 26. Qxb5 Rxa3
27. Qb8+ 1/2-1/2

[Event "4NCL/Div1/BAR1 vs. AD"]
[Site "Birmingham ENG"]
[Date "2006.03.05"]
[Round "8.2"]
[White "Mestel, A Jonathan"]
[Black "Collins, Sam"]
[Result "1-0"]
[WhiteElo "2491"]
[BlackElo "2409"]
[PlyCount "45"]
[EventDate "2006.03.05"]
[SourceDate "2005.10.25"]

1. c4 Nf6 2. Nc3 e5 3. Nf3 Nc6 4. e4 Bc5 5. Nxe5 Nxe5 6. d4 Bb4 7. dxe5 Nxe4 8.
Qd4 Nxc3 9. bxc3 Bf8 10. Be2 b6 11. Bf3 Rb8 12. O-O Bc5 13. Qg4 Kf8 14. Bg5 Qe8
15. Rfe1 h6 16. Bf6 Rg8 17. Qf4 Bb7 18. Bd5 c6 19. Bf3 Qc8 20. Bh5 Qe8 21. Rad1
Ra8 22. Bg4 g5 23. Qe4 1-0

[Event "4NCL/Div1/BAR1 vs. AD"]
[Site "Birmingham ENG"]
[Date "2006.03.05"]
[Round "8.3"]
[White "Palliser, Richard"]
[Black "Jirka, Jiri"]
[Result "1-0"]
[WhiteElo "2401"]
[BlackElo "2393"]
[PlyCount "139"]
[EventDate "2006.03.05"]
[SourceDate "2005.10.25"]

1. d4 d5 2. c4 c6 3. Nf3 Nf6 4. Nc3 a6 5. e3 b5 6. b3 Bf5 7. Ne5 h6 8. g4 Bh7
9. Bg2 e6 10. O-O Bd6 11. f4 O-O 12. Bd2 b4 13. Ne2 Ne4 14. Be1 a5 15. Nd3 Nd7
16. c5 {(=)} Bc7 17. a3 bxa3 18. Rxa3 Qb8 19. Bxe4 Bxe4 20. Nc3 Bh7 21. Bh4 Ra7
22. Rf2 Rb7 23. Nc1 Re8 24. Qf1 f6 25. Qa6 Qc8 26. Raa2 Nb8 27. Qf1 Rb4 28.
Rad2 Na6 29. Rg2 Bd8 30. g5 fxg5 31. fxg5 Bf5 32. gxh6 Bxh4 33. Rxg7+ Kh8 34.
Rdg2 Bf6 35. Rf7 Rg8 36. h7 Rxg2+ 37. Qxg2 Bxh7 38. Rxf6 Rb7 39. Qf1 Rg7+ 40.
Kh1 Kg8 41. N1e2 Nb4 42. Ng3 Qe8 43. Nce2 Qe7 44. Qf4 Bg6 45. Qb8+ Be8 46. Rh6
Nd3 47. Nf4 Nxf4 48. exf4 Rh7 49. Rg6+ Kf8 50. Rg5 Rg7 51. h4 Rh7 52. h5 Kf7
53. Qe5 Qd8 54. Kg2 Qf6 55. Qc7+ Qe7 56. Qxa5 Kf8 57. Qe1 Qf6 58. Qe5 Qxe5 59.
Rxe5 Kf7 60. f5 Bd7 61. fxe6+ Bxe6 62. Rg5 Rh8 63. Kf3 Rb8 64. Kf4 Rxb3 65. h6
Ke7 66. Rg7+ Bf7 67. h7 Rb8 68. Ke5 Rh8 69. Nf5+ Kf8 70. Kf6 1-0

[Event "4NCL/Div1/BAR1 vs. AD"]
[Site "Birmingham ENG"]
[Date "2006.03.05"]
[Round "8.4"]
[White "Cernousek, Lukas"]
[Black "Knott, Simon"]
[Result "1-0"]
[WhiteElo "2380"]
[BlackElo "2378"]
[PlyCount "67"]
[EventDate "2006.03.05"]
[SourceDate "2005.10.25"]

1. d4 Nf6 2. c4 g6 3. f3 d5 4. cxd5 Nxd5 5. e4 Nb6 6. Nc3 Bg7 7. Be3 O-O 8. Qd2
Nc6 9. O-O-O Na5 10. b3 Nc6 11. d5 Nb4 12. Bd4 c5 13. Bxg7 Kxg7 14. a3 Na6 15.
e5 Bd7 16. h4 f6 17. h5 g5 18. f4 Kh8 19. e6 Be8 20. fxg5 c4 21. g6 Rg8 22. b4
Nc7 23. Nf3 a5 24. Nh4 Ba4 25. Qh6 Rg7 26. Nf5 Qg8 27. Nxa4 Nxa4 28. Bxc4 Rc8
29. Kd2 Nxe6 30. dxe6 Rxc4 31. Rc1 Nb2 32. Qxg7+ Qxg7 33. Nxg7 Kxg7 34. Rc2 1-0

[Event "4NCL/Div1/BAR1 vs. AD"]
[Site "Birmingham ENG"]
[Date "2006.03.05"]
[Round "8.5"]
[White "Rogers, Jonathan W"]
[Black "Snape, Ian"]
[Result "1/2-1/2"]
[WhiteElo "2340"]
[BlackElo "2271"]
[PlyCount "60"]
[EventDate "2006.03.05"]
[SourceDate "2005.10.25"]

1. d4 Nf6 2. c4 g6 3. Nc3 Bg7 4. e4 d6 5. f4 c5 6. Nf3 O-O 7. Be2 cxd4 8. Nxd4
Nc6 9. Be3 a6 10. O-O Ng4 11. Bxg4 Bxd4 12. Bxd4 Bxg4 13. Qd2 Nxd4 14. Qxd4 Bd7
15. Rad1 Bc6 16. f5 Qa5 17. f6 exf6 18. Rxf6 Rad8 19. Ne2 Qxa2 20. Ng3 Qa5 21.
Nf5 Qe5 22. Nxd6 Qxd4+ 23. Rxd4 Rd7 24. c5 Kg7 25. Rf1 Re7 26. Kf2 Re5 27. Rc1
f5 28. exf5 gxf5 29. Kg3 Re2 30. Kf4 Rxg2 1/2-1/2

[Event "4NCL/Div1/WGR2 vs. GUI2"]
[Site "Birmingham ENG"]
[Date "2006.03.05"]
[Round "8.1"]
[White "Lalic, Bogdan"]
[Black "Plaskett, James"]
[Result "1/2-1/2"]
[WhiteElo "2488"]
[BlackElo "2485"]
[PlyCount "25"]
[EventDate "2006.03.05"]
[SourceDate "2005.10.25"]

1. Nf3 Nf6 2. c4 c5 3. Nc3 Nc6 4. g3 e6 5. Bg2 d5 6. cxd5 Nxd5 7. O-O Be7 8. d4
O-O 9. e4 Nb6 10. dxc5 Bxc5 11. e5 Nd5 12. Nxd5 exd5 13. Qd3 1/2-1/2

[Event "4NCL/Div1/WGR2 vs. GUI2"]
[Site "Birmingham ENG"]
[Date "2006.03.05"]
[Round "8.2"]
[White "Collas, Didier"]
[Black "Arakhamia-Grant, Ketevan"]
[Result "1/2-1/2"]
[WhiteElo "2443"]
[BlackElo "2426"]
[PlyCount "91"]
[EventDate "2006.03.05"]
[SourceDate "2005.10.25"]

1. e4 c5 2. a3 g6 3. b4 Bg7 4. Nc3 d6 5. g3 e5 6. Bg2 Ne7 7. bxc5 dxc5 8. Rb1
O-O 9. d3 Nbc6 10. Nd5 Nxd5 11. exd5 Nd4 12. c3 Nf5 13. Ne2 Nd6 14. c4 f5 15.
O-O Bd7 16. Be3 Rc8 17. Qd2 Bf6 18. Kh1 Kh8 19. f4 e4 20. Rfc1 b6 21. dxe4 fxe4
22. h3 Qe7 23. Kh2 Rce8 24. Rc2 h5 25. Kg1 Qg7 26. Kh2 Nf5 27. a4 Nd4 28. Ra2
Nf3+ 29. Bxf3 exf3 30. Ng1 Re4 31. Nxf3 Rfe8 32. Ne5 Bxe5 33. fxe5 Qxe5 34. Bf4
Qf5 35. Rf1 Qxh3+ 36. Kg1 Kh7 37. Bd6 Bf5 38. a5 Rd4 39. Qg5 Rg4 40. Qf6 Rxg3+
41. Bxg3 Qxg3+ 42. Rg2 Qe3+ 43. Kh2 Qh3+ 44. Kg1 Qe3+ 45. Kh2 Qh3+ 46. Kg1
1/2-1/2

[Event "4NCL/Div1/WGR2 vs. GUI2"]
[Site "Birmingham ENG"]
[Date "2006.03.05"]
[Round "8.3"]
[White "Turner, Matthew J"]
[Black "Shaw, John K"]
[Result "0-1"]
[WhiteElo "2495"]
[BlackElo "2432"]
[PlyCount "68"]
[EventDate "2006.03.05"]
[SourceDate "2005.10.25"]

1. e4 d5 2. exd5 Qxd5 3. Nc3 Qa5 4. d4 Nf6 5. Nf3 Bf5 6. Bc4 c6 7. Bd2 e6 8.
Nd5 Qd8 9. Nxf6+ Qxf6 10. Bg5 Qg6 11. h4 Bxc2 12. Qd2 h6 13. h5 Qh7 14. Be3 Nd7
15. g4 Nb6 16. Be2 Nd5 17. a3 Be4 18. Rh3 Bxf3 19. Bxf3 Be7 20. Be2 O-O-O 21.
b4 Kb8 22. b5 cxb5 23. Bd3 Qg8 24. Bxb5 Qf8 25. Kf1 Bf6 26. Rb1 Qd6 27. Bc4 Rd7
28. Qd3 Rc8 29. Bd2 Nf4 30. Bxf4 Qxf4 31. Qb3 Bxd4 32. Rf3 Qxg4 33. Be2 Qh4 34.
Rg3 Rc3 0-1

[Event "4NCL/Div1/WGR2 vs. GUI2"]
[Site "Birmingham ENG"]
[Date "2006.03.05"]
[Round "8.4"]
[White "Wallace, John P"]
[Black "Levitt, Jonathan P"]
[Result "1-0"]
[WhiteElo "2392"]
[BlackElo "2448"]
[PlyCount "81"]
[EventDate "2006.03.05"]
[SourceDate "2005.10.25"]

1. d4 Nf6 2. c4 e6 3. Nc3 Bb4 4. e3 Ne4 5. Qg4 Nxc3 6. a3 Be7 7. bxc3 O-O 8.
Bd3 d5 9. Qh5 g6 10. Qe2 c5 11. Nf3 Nc6 12. O-O Re8 13. Bb2 Bf6 {(=)} 14. Rad1
Qa5 15. Nd2 cxd4 16. cxd4 Bg7 17. f4 Qd8 18. Nf3 Bd7 19. h4 Rc8 20. h5 dxc4 21.
Bxc4 Na5 22. Bd3 Ba4 23. Rde1 Qb6 24. Ba1 Qd6 25. Ng5 Qd5 26. hxg6 hxg6 27. Qf2
Bb5 28. e4 Qd7 29. Bxb5 Qxb5 30. Qh4 Nb3 31. Rb1 Qd3 32. Rxb3 Qxb3 33. d5 Qe3+
34. Kh2 Rc3 35. Rf3 Qxf3 36. gxf3 Rc2+ 37. Kg3 e5 38. Qh7+ Kf8 39. Bxe5 Rxe5
40. fxe5 Bxe5+ 41. f4 1-0

[Event "4NCL/Div1/WGR2 vs. GUI2"]
[Site "Birmingham ENG"]
[Date "2006.03.05"]
[Round "8.5"]
[White "Littlewood, Paul E"]
[Black "Lalic, Susan"]
[Result "1/2-1/2"]
[WhiteElo "2366"]
[BlackElo "2356"]
[PlyCount "59"]
[EventDate "2006.03.05"]
[SourceDate "2005.10.25"]

1. d4 d5 2. c4 e6 3. Nc3 c5 4. e3 Nf6 5. Nf3 Nc6 6. cxd5 exd5 7. Be2 a6 8. O-O
cxd4 9. Nxd4 Bd6 10. Nxc6 bxc6 11. b3 O-O 12. Bb2 Re8 13. Rc1 Qc7 14. g3 Bh3
15. Re1 Qd7 16. Bf3 Qf5 17. Bg2 Bg4 18. Ne2 Bb4 19. Rf1 Qh5 20. f3 Bd7 21. Nf4
Qg5 22. e4 Bd6 23. exd5 Bxf4 24. gxf4 Qxd5 25. Bxf6 gxf6 26. Qxd5 cxd5 27. Rfd1
Re2 28. Rxd5 Be6 29. Ra5 Kh8 30. Bf1 1/2-1/2

[Event "4NCL/Div1/WGR2 vs. GUI2"]
[Site "Birmingham ENG"]
[Date "2006.03.05"]
[Round "8.6"]
[White "Povah, Nigel E"]
[Black "Sowray, Peter J"]
[Result "1-0"]
[WhiteElo "2353"]
[BlackElo "2357"]
[PlyCount "117"]
[EventDate "2006.03.05"]
[SourceDate "2005.10.25"]

1. d4 e6 2. Nf3 Nf6 3. Bg5 d5 4. e3 Be7 5. Bd3 Nbd7 6. Nbd2 c5 7. c3 b6 8. Qa4
h6 9. Bh4 O-O 10. Rc1 Bb7 11. Bb1 Ne4 12. Bxe7 Qxe7 13. Nxe4 dxe4 14. Nd2 f5
15. O-O e5 16. Rfd1 Qe6 17. Bc2 Bd5 18. Bb3 Rfc8 19. Bxd5 Qxd5 20. c4 {(=)} Qe6
21. d5 Qd6 22. Nb1 Nf6 23. Nc3 a6 24. Qc2 Rf8 25. a4 Rab8 26. Rd2 Ne8 27. Rcd1
Rf6 28. Rf1 Qd7 29. b3 Nd6 30. Kh1 Rbf8 31. f3 exf3 32. gxf3 f4 33. e4 Qh3 34.
Rg2 g5 35. Qe2 Kh7 36. Rfg1 Rg6 37. Nd1 Rfg8 38. Nf2 Qd7 39. Qb2 Qg7 40. Nd3
Re8 41. a5 b5 42. Nxc5 bxc4 43. Ne6 Qf6 44. bxc4 Nxc4 45. Qb7+ Re7 46. Qc8 Rxe6
47. dxe6 Qxe6 48. Qxe6 Rxe6 49. Ra2 Rd6 50. Rc1 Ne3 51. Rb2 Rd7 52. Rb6 g4 53.
Rbc6 Rd2 54. Rxa6 Nc2 55. Rb1 Rd8 56. fxg4 h5 57. g5 Nd4 58. Rb7+ Kg8 59. Rab6
1-0

[Event "4NCL/Div1/WGR2 vs. GUI2"]
[Site "Birmingham ENG"]
[Date "2006.03.05"]
[Round "8.7"]
[White "Pert, Richard G"]
[Black "Buckley, Graeme"]
[Result "1-0"]
[WhiteElo "2429"]
[BlackElo "2398"]
[PlyCount "95"]
[EventDate "2006.03.05"]
[SourceDate "2005.10.25"]

1. d4 Nf6 2. c4 g6 3. Nc3 Bg7 4. e4 d6 5. Nge2 e5 6. d5 c5 7. Ng3 h5 8. Be2 h4
9. Nf1 Nh5 10. g3 Nf6 11. Rg1 a6 12. Bg5 hxg3 13. hxg3 Nbd7 14. Qc2 Qa5 15. Bd2
Bh6 16. f4 Qd8 17. Rh1 Bg7 18. Rxh8+ Bxh8 19. O-O-O Nh7 20. f5 Bf6 21. Ne3 Bg5
22. Rf1 Ndf8 23. Bg4 Bd7 24. Qd1 b5 25. Qf3 Qe7 26. Kb1 Rb8 27. Bc1 Rb7 28. Rf2
Kd8 29. Rf1 Be8 30. Qe2 Kc7 31. Qd1 Kb8 32. Qd3 Qc7 33. fxg6 fxg6 34. Rf2 Qg7
35. Be6 Nf6 36. Rf1 Qh8 37. Qc2 Qh5 38. Qg2 Rh7 39. Qc2 Rh8 40. Rf2 Qh1 41. Rf1
Qh6 42. cxb5 Nxe6 43. dxe6 Bxe3 44. Qd3 Nxe4 45. Nxe4 d5 46. Qxd5 Rh7 47. Qd8+
Ka7 48. b6+ 1-0

[Event "4NCL/Div1/WGR2 vs. GUI2"]
[Site "Birmingham ENG"]
[Date "2006.03.05"]
[Round "8.8"]
[White "Yurenok, Maria S"]
[Black "McDonald, Neil"]
[Result "0-1"]
[WhiteElo "2072"]
[BlackElo "2374"]
[PlyCount "74"]
[EventDate "2006.03.05"]
[SourceDate "2005.10.25"]

1. d4 f5 2. g3 Nf6 3. Bg2 g6 4. Nf3 Bg7 5. c3 d6 6. Bg5 Ne4 7. Qb3 Nc6 8. Nbd2
h6 9. Be3 d5 10. Nh4 Qd6 11. f4 b6 12. Nhf3 Bb7 13. Nxe4 fxe4 14. Ne5 O-O 15.
O-O Kh7 16. Qc2 Rad8 17. a4 a5 18. Bh3 Bc8 19. Bxc8 Rxc8 20. Kh1 Qe6 21. Nxc6
Qxc6 22. g4 Qe6 23. Rg1 c5 24. Qd2 cxd4 25. cxd4 Rc6 26. b3 Qc8 27. Rac1 Rxc1
28. Qxc1 Qd7 29. g5 h5 30. Qd2 Qh3 31. Rc1 Rf7 32. Qc3 Bf8 33. Bd2 Qg4 34. e3
e5 35. dxe5 Qf3+ 36. Kg1 Rxf4 37. exf4 Bc5+ 0-1